Statistiche per Primi 15 paesi interessati da Covid-19 - 2 dicembre

Clicka qui per fare il quiz!

Statistiche generali

  • Questo quiz è stato fatto 5 volte
  • Il punteggio medio è 13 su 27

Statistiche sulle risposte

paese% Corretto
Germania
100%
Italia
100%
Regno Unito
100%
Spagna
100%
Stati Uniti
100%
Argentina
75%
Francia
75%
Messico
75%
Polonia
75%
Russia
75%
Brasile
50%
Colombia
50%
India
50%
Perù
50%
Svizzera
50%
Belgio
25%
Cechia
25%
Croazia
25%
Iran
25%
Israele
25%
Qatar
25%
Slovenia
25%
Armenia
0%
Bahrain
0%
Georgia
0%
Kuwait
0%
Panama
0%

Distribuzione punteggi

Percentile per numero di risposta

Percentuale di utenti per punteggio

I tuoi punteggi nel tempo

Non hai fatto questo quiz